|
|
|
|
| LEADER |
00716nam a22002532a 4500 |
| 001 |
000938833 |
| 003 |
CZ BrMZK |
| 005 |
20091123170213.0 |
| 007 |
ta |
| 008 |
090514s1938 xr er|||||||||||cze d |
| 015 |
|
|
|a cnb000803094
|
| 035 |
|
|
|a (OCoLC)7623657
|
| 040 |
|
|
|a BOA001
|b cze
|
| 100 |
1 |
|
|a Rón, Zdeněk,
|d 1889-1948
|7 jk01102672
|4 aut
|
| 245 |
1 |
0 |
|a Radost na světě :
|b román /
|c Zdeněk Rón
|
| 250 |
|
|
|a 2. vyd.
|
| 260 |
|
|
|a V Praze :
|b Novina,
|c 1938
|
| 300 |
|
|
|a 436 s.
|
| 490 |
1 |
|
|a Hlasy země ;
|v sv. 16.
|
| 830 |
|
0 |
|a Hlasy země
|0 s
|
| 910 |
|
|
|a BOA001
|b 1-0623.762
|
| 990 |
|
|
|a BK
|
| 991 |
|
|
|b 200905
|
| 996 |
6 |
|
|b 2619348439
|c 1-0623.762
|l MZK
|r Sklad / do 1 hodiny
|n 3
|w 000938833
|u 000010
|a 1
|e BOA001
|j MZK50
|s P
|